<?xml version="1.0" encoding="UTF-8"?>
<record
    xmlns:xsi="http://www.w3.org/2001/XMLSchema-instance"
    xsi:schemaLocation="http://www.loc.gov/MARC21/slim http://www.loc.gov/standards/marcxml/schema/MARC21slim.xsd"
    xmlns="http://www.loc.gov/MARC21/slim">

  <leader>02022nam a22004217a 4500</leader>
  <controlfield tag="003">OSt</controlfield>
  <controlfield tag="005">20180908121342.0</controlfield>
  <controlfield tag="008">180220b        xxu||||| |||| 00| 0 spa d</controlfield>
  <datafield tag="020" ind1=" " ind2=" ">
    <subfield code="a">9501417069</subfield>
  </datafield>
  <datafield tag="040" ind1=" " ind2=" ">
    <subfield code="c">PJ</subfield>
  </datafield>
  <datafield tag="245" ind1="1" ind2="3">
    <subfield code="a">El amparo constitucional : </subfield>
    <subfield code="c">perspectivas y modalidades /</subfield>
    <subfield code="b">Germ&#xE1;n J. Bidart Campos... [et al.]; pr&#xF3;logo del Dr. N&#xE9;stor P. Sag&#xFC;&#xE9;s.</subfield>
  </datafield>
  <datafield tag="260" ind1=" " ind2=" ">
    <subfield code="a">Buenos Aires :</subfield>
    <subfield code="c">Depalma, </subfield>
    <subfield code="b">2000.</subfield>
  </datafield>
  <datafield tag="300" ind1=" " ind2=" ">
    <subfield code="a">ix, 271 p.</subfield>
    <subfield code="c">23 cm.</subfield>
  </datafield>
  <datafield tag="500" ind1=" " ind2=" ">
    <subfield code="a">Notas y citas a pie de p&#xE1;gina.</subfield>
  </datafield>
  <datafield tag="500" ind1=" " ind2=" ">
    <subfield code="a">M&#xE1;s informaci&#xF3;n de portada: Art. 43 de la Constituci&#xF3;n Nacional. </subfield>
  </datafield>
  <datafield tag="505" ind1=" " ind2=" ">
    <subfield code="t">La fuerza normativa de la Constituci&#xF3;n /</subfield>
    <subfield code="r">Germ&#xE1;n Bidart Campos.</subfield>
  </datafield>
  <datafield tag="505" ind1=" " ind2=" ">
    <subfield code="t">Los efectos expansivos de la cosa juzgada en la acci&#xF3;n de amparo /</subfield>
    <subfield code="r">N&#xE9;stor Pedro Sagu&#xE9;s.</subfield>
  </datafield>
  <datafield tag="505" ind1=" " ind2=" ">
    <subfield code="t">La legitimaci&#xF3;n activa en el art. 43 de la Constituci&#xF3;n nacional /</subfield>
    <subfield code="r">Maximiliano Toricelli.</subfield>
  </datafield>
  <datafield tag="505" ind1=" " ind2=" ">
    <subfield code="t">A prop&#xF3;sito del rechazo "in limine" en el amparo /</subfield>
    <subfield code="r">Mar&#xED;a Mercedes Serra.</subfield>
  </datafield>
  <datafield tag="505" ind1=" " ind2=" ">
    <subfield code="t">Posibilidades que ofrece la acci&#xF3;n de amparo para la protecci&#xF3;n y defensa del consumidor /</subfield>
    <subfield code="r">Noem&#xED; Lidia Nicolau.</subfield>
  </datafield>
  <datafield tag="505" ind1=" " ind2=" ">
    <subfield code="t"> Los intereses difusos en el art. 43 de la Constituci&#xF3;n nacional / 
</subfield>
    <subfield code="r">Mario Eugenio Chaumet.
</subfield>
    <subfield code="r">Alejandro Aldo Minicocci.</subfield>
  </datafield>
  <datafield tag="505" ind1=" " ind2=" ">
    <subfield code="t">El h&#xE1;beas data en el constitucionalismo indoiberoamericano finisecular /</subfield>
    <subfield code="r">Oscar Ra&#xFA;l Pucchinelli.</subfield>
  </datafield>
  <datafield tag="650" ind1=" " ind2="0">
    <subfield code="9">267</subfield>
    <subfield code="a">DERECHO PROCESAL</subfield>
  </datafield>
  <datafield tag="650" ind1=" " ind2="0">
    <subfield code="9">178</subfield>
    <subfield code="a">DERECHO CONSTITUCIONAL</subfield>
  </datafield>
  <datafield tag="650" ind1=" " ind2="0">
    <subfield code="9">1223</subfield>
    <subfield code="a">ACCION DE AMPARO</subfield>
  </datafield>
  <datafield tag="650" ind1=" " ind2="0">
    <subfield code="9">2070</subfield>
    <subfield code="a">ACCION DE INCONSTITUCIONALIDAD</subfield>
  </datafield>
  <datafield tag="650" ind1=" " ind2="0">
    <subfield code="9">1902</subfield>
    <subfield code="a">AMPARO POR MORA</subfield>
  </datafield>
  <datafield tag="650" ind1=" " ind2="0">
    <subfield code="9">2072</subfield>
    <subfield code="a">HABEAS DATA</subfield>
  </datafield>
  <datafield tag="700" ind1=" " ind2=" ">
    <subfield code="9">90</subfield>
    <subfield code="a">Bidart Campos, Germ&#xE1;n Jos&#xE9;</subfield>
  </datafield>
  <datafield tag="700" ind1=" " ind2=" ">
    <subfield code="9">2073</subfield>
    <subfield code="a">Chaumet, Mario E.</subfield>
  </datafield>
  <datafield tag="700" ind1=" " ind2=" ">
    <subfield code="9">2074</subfield>
    <subfield code="a">Menicocci, Alejandro A. </subfield>
  </datafield>
  <datafield tag="700" ind1=" " ind2=" ">
    <subfield code="9">2075</subfield>
    <subfield code="a">Nicolau, Noem&#xED; L.</subfield>
  </datafield>
  <datafield tag="700" ind1=" " ind2=" ">
    <subfield code="9">763</subfield>
    <subfield code="a">Sag&#xFC;&#xE9;s, N&#xE9;stor Pedro</subfield>
    <subfield code="e">prologuista</subfield>
  </datafield>
  <datafield tag="700" ind1=" " ind2=" ">
    <subfield code="9">2076</subfield>
    <subfield code="a">Puccinelli, Oscar R.</subfield>
  </datafield>
  <datafield tag="700" ind1=" " ind2=" ">
    <subfield code="9">2077</subfield>
    <subfield code="a">Serra, Mar&#xED;a M.</subfield>
  </datafield>
  <datafield tag="700" ind1=" " ind2=" ">
    <subfield code="9">2078</subfield>
    <subfield code="a">Toricelli, Maximiliano</subfield>
    <subfield code="e">coordinador</subfield>
  </datafield>
  <datafield tag="942" ind1=" " ind2=" ">
    <subfield code="2">udc</subfield>
    <subfield code="c">LIB</subfield>
    <subfield code="h">347.9:342.4</subfield>
    <subfield code="i">BID</subfield>
  </datafield>
  <datafield tag="999" ind1=" " ind2=" ">
    <subfield code="c">1381</subfield>
    <subfield code="d">1381</subfield>
  </datafield>
  <datafield tag="952" ind1=" " ind2=" ">
    <subfield code="0">0</subfield>
    <subfield code="1">0</subfield>
    <subfield code="2">udc</subfield>
    <subfield code="4">0</subfield>
    <subfield code="7">0</subfield>
    <subfield code="a">DJS</subfield>
    <subfield code="b">DJS</subfield>
    <subfield code="d">2018-09-07</subfield>
    <subfield code="l">3</subfield>
    <subfield code="m">6</subfield>
    <subfield code="o">347.9:342.4 BID</subfield>
    <subfield code="p">4983</subfield>
    <subfield code="r">2024-04-08</subfield>
    <subfield code="s">2024-03-19</subfield>
    <subfield code="w">2018-09-07</subfield>
    <subfield code="y">LIB</subfield>
  </datafield>
</record>
